[Event "34th World Open"]
[Site "Philadelphia USA"]
[Date "2006.07.03"]
[Round "7"]
[White "Shulman,Y"]
[Black "Smith,Bry"]
[Result "1/2-1/2"]
[WhiteElo "2576"]
[BlackElo "2384"]
[EventDate "2006.06.28"]

1. d4 Nf6 2. c4 e6 3. Nc3 Bb4 4. e3 b6 5. Nge2 Ba6 6. a3 Bxc3+ 7. Nxc3 d5
8. b3 O-O 9. Be2 Nc6 10. a4 Na5 11. Ba3 Re8 12. Rb1 e5 13. O-O exd4 14.
exd4 Qd7 15. Re1 Rad8 16. Bf3 Rxe1+ 17. Qxe1 dxc4 18. b4 Nb3 19. b5 Nxd4
20. bxa6 Nxf3+ 21. gxf3 Qf5 22. Qe2 Rd3 23. Rd1 h6 24. Rxd3 cxd3 25. Qe3
Nd5 26. Nxd5 Qxd5 27. Bb4 Qb3 28. Bd2 c5 29. Qe8+ Kh7 30. Qe4+ Kg8 31. Qa8+
Kh7 32. Qe4+ Kg8 33. Kg2 Qc2 34. Qe8+ Kh7 35. Qe4+ Kg8 36. Bf4 c4 37. Qe8+
Kh7 38. Qe4+ Kg8 39. Qa8+ Kh7 40. Qxa7 d2 41. Bxd2 Qg6+ 42. Kh1 Qd3 43. Kg2
Qg6+ 44. Kf1 Qd3+ 1/2-1/2

[Event "34th World Open"]
[Site "Philadelphia USA"]
[Date "2006.07.04"]
[Round "8"]
[White "Gulamali,K"]
[Black "Perelshteyn,E"]
[Result "1-0"]
[WhiteElo "2302"]
[BlackElo "2526"]
[EventDate "2006.06.28"]

1. e4 c5 2. Nf3 g6 3. d4 cxd4 4. Qxd4 Nf6 5. e5 Nc6 6. Qa4 Nd5 7. Qe4 Nc7
8. Nc3 Bg7 9. Bf4 b5 10. h4 b4 11. Nd5 Nxd5 12. Qxd5 Qa5 13. Qxa5 Nxa5 14.
h5 O-O 15. O-O-O Bb7 16. Rxd7 Rfc8 17. hxg6 hxg6 18. Ng5 Kf8 19. e6 Bc6 20.
Nxf7 b3 21. axb3 Nxb3+ 22. Kb1 Nc5 23. Ne5 Bxd7 24. exd7 Rd8 25. Bc4 e6 26.
Nxg6+ Kf7 27. Ne5+ Bxe5 28. Bxe5 Nxd7 29. Rh7+ Kg8 30. Rg7+ Kf8 31. Bc3 Nc5
32. Rc7 Rdc8 33. Rh7 a5 34. Bd4 a4 35. Bxc5+ Rxc5 36. Rh8+ Ke7 37. Rxa8
Rxc4 38. c3 Rg4 39. g3 Re4 40. Ka2 Kd6 41. Ka3 Re2 42. f4 Rg2 43. Rxa4 Rxg3
44. Rd4+ Kc6 45. Kb4 Re3 46. b3 Kb6 47. c4 Kc6 48. c5 Re1 49. Rd6+ Kc7 50.
Kb5 Re3 51. b4 Re4 52. Ra6 Kb7 53. c6+ Kb8 54. Ra4 1-0

[Event "34th World Open"]
[Site "Philadelphia USA"]
[Date "2006.07.04"]
[Round "8"]
[White "Habu,Y"]
[Black "Kunte,A"]
[Result "1/2-1/2"]
[WhiteElo "2382"]
[BlackElo "2536"]
[EventDate "2006.06.28"]

1. e4 c5 2. Nf3 e6 3. d4 cxd4 4. Nxd4 a6 5. Bd3 Bc5 6. Nb3 Ba7 7. Nc3 Nc6
8. Qg4 Nf6 9. Qg3 d6 10. O-O b5 11. a3 Bb7 12. Bg5 h6 13. Bxf6 gxf6 14.
Rad1 Ne5 15. Be2 Ke7 16. Kh1 Rg8 17. Qh3 h5 18. Nd4 Ng4 19. Kg1 Qb6 20. Rd2
Rg5 21. Bxg4 hxg4 22. Qg3 Rh8 23. Re1 Rgh5 24. Nd1 Rxh2 25. Qxh2 Rxh2 26.
Kxh2 Qc5 27. Kg1 Qe5 28. c3 Bxe4 29. Rde2 f5 30. Rxe4 Qd5 31. Ne3 Qa2 32.
Nexf5+ Kd7 33. R4e2 Qd5 34. Ne3 Qg5 35. g3 Qg6 36. Rd2 f5 37. Ng2 e5 38.
Ne2 f4 39. Nexf4 exf4 40. Nxf4 Qf5 41. Red1 Bb8 42. Ng2 Kc8 43. Nf4 Qe4 44.
Re2 Qf5 45. Re7 Bc7 46. Nd5 Bd8 47. Ree1 Qc2 48. b4 Kd7 49. Rd4 Bg5 50.
Red1 Qe2 51. Nb6+ Kc7 52. Rxd6 Be3 53. fxe3 Qxe3+ 1/2-1/2

[Event "34th World Open"]
[Site "Philadelphia USA"]
[Date "2006.07.04"]
[Round "8"]
[White "Abrahamyan,T"]
[Black "Lenderman,A"]
[Result "0-1"]
[WhiteElo "2262"]
[BlackElo "2431"]
[EventDate "2006.06.28"]

1. e4 e5 2. Nf3 Nc6 3. Bc4 Bc5 4. c3 Nf6 5. d3 d6 6. Bb3 Be6 7. Nbd2 d5 8.
Ba4 Ng4 9. O-O O-O 10. h3 Nxf2 11. Rxf2 Bxf2+ 12. Kxf2 dxe4 13. Nxe4 Bd5
14. Kg1 f5 15. Nc5 Qe7 16. Be3 b6 17. Nb3 e4 18. dxe4 Qxe4 19. Bf2 Rad8 20.
Nbd2 Qf4 21. c4 Be4 22. Qe2 Ne5 23. Be3 Bxf3 24. Nxf3 Nxf3+ 25. Qxf3 Qxf3
26. gxf3 f4 27. Bf2 Rd2 28. c5 h6 29. Re1 Rf5 30. h4 bxc5 31. Bb3+ Kh7 32.
Be6 Rf6 33. h5 g6 34. Bg4 gxh5 35. Bxh5 Rf5 36. Re7+ Kg8 37. Bg4 Rg5 38.
Kf1 Rxb2 39. Be6+ Kf8 40. Rxc7 Rb1+ 41. Ke2 Re5+ 42. Kd3 Rxe6 43. Bxc5+ Kg8
44. Rxa7 Rf1 45. a4 Rxf3+ 46. Kc4 Rfe3 47. a5 R3e4+ 48. Kb5 f3 49. a6 R4e5
50. Rd7 f2 51. Rd1 Rxa6 0-1

[Event "34th World Open"]
[Site "Philadelphia USA"]
[Date "2006.07.04"]
[Round "8"]
[White "Critelli,J"]
[Black "Panchanathan,M"]
[Result "1-0"]
[WhiteElo "2170"]
[BlackElo "2525"]
[EventDate "2006.06.28"]

1. e4 e5 2. Nf3 d6 3. d4 Nd7 4. Bc4 c6 5. dxe5 dxe5 6. O-O Be7 7. Ng5 Bxg5
8. Qh5 Qe7 9. Qxg5 Qxg5 10. Bxg5 Ngf6 11. f3 b5 12. Be2 Nb6 13. Nd2 Be6 14.
b3 a5 15. Be3 Nfd7 16. Rac1 O-O 17. c4 b4 18. c5 Nc8 19. Nc4 a4 20. Rfd1
axb3 21. axb3 Ra2 22. Rd2 Rxd2 23. Nxd2 Na7 24. Ra1 Nb5 25. Bxb5 cxb5 26.
Ra5 Rb8 27. c6 Nf8 28. Bc5 Rc8 29. Ra6 f6 30. Bxb4 Bf7 31. c7 Ne6 32. Bd6
Be8 33. Ra7 Kf7 34. b4 Bc6 35. Nb3 Ke8 36. Nc5 Nd4 37. Ra6 Bd7 38. Kf2 Nc2
39. Nb7 Kf7 40. f4 exf4 41. Ra2 Ne3 42. Bxf4 Nc4 43. Ra1 Ke7 44. Rd1 Bc6
45. Nd6 Nxd6 46. Bxd6+ Kf7 47. Bg3 g5 48. Rd8 Bb7 49. Ke3 Ke7 50. Bd6+ Ke6
51. Kd4 1-0

[Event "34th World Open"]
[Site "Philadelphia USA"]
[Date "2006.07.04"]
[Round "8"]
[White "Acor,C"]
[Black "Taylor,T"]
[Result "1-0"]
[WhiteElo "2227"]
[BlackElo "2330"]
[EventDate "2006.06.28"]

1. e4 b6 2. d4 Bb7 3. Nd2 g6 4. Ngf3 Bg7 5. Bd3 Nf6 6. O-O O-O 7. e5 Ne8 8.
Be4 d5 9. exd6 Nxd6 10. Bxb7 Nxb7 11. Re1 c5 12. Nb3 cxd4 13. Nbxd4 e5 14.
Nb5 Nc6 15. Qe2 Rc8 16. Bg5 f6 17. Rad1 Qe7 18. Bh4 g5 19. Bg3 f5 20. Nxe5
Nxe5 21. Bxe5 Rfe8 22. Rd5 Rc5 23. Qd2 Bxe5 24. Rexe5 Qxe5 25. Rxe5 Rcxe5
26. Qxg5+ Kh8 27. g3 Rxb5 28. Qf6+ Kg8 29. Qc6 Rbe5 30. Qxb7 R8e7 31. Qc8+
Kf7 32. Kg2 Kg6 33. h3 Rc5 34. Qg8+ Kf6 35. c3 Rce5 36. Kf3 Rf7 37. Qd8+
Rfe7 38. Qd6+ R5e6 39. Qd4+ Kg6 40. g4 h5 41. Qd3 hxg4+ 42. hxg4 Rf7 43. b4
Kh6 44. gxf5 Kg5 45. Kg3 Rxf5 46. f4+ Kg6 47. Kg4 Ref6 48. c4 a5 49. c5 1-0

[Event "34th World Open"]
[Site "Philadelphia USA"]
[Date "2006.07.04"]
[Round "8"]
[White "Peric,Sl"]
[Black "Bartholomew,J"]
[Result "0-1"]
[WhiteElo "2288"]
[BlackElo "2406"]
[EventDate "2006.06.28"]

1. d4 Nf6 2. Nf3 c5 3. d5 g6 4. Nc3 d6 5. e4 Bg7 6. Bb5+ Nbd7 7. a4 O-O 8.
O-O a6 9. Be2 Rb8 10. a5 Ne8 11. Bf4 Nc7 12. Qd2 b5 13. axb6 Rxb6 14. Ra2
Nf6 15. Bh6 e6 16. Bxg7 Kxg7 17. dxe6 Bxe6 18. b3 Nb5 19. Qd3 Qe7 20. Nd2
Nd7 21. f4 f5 22. Nc4 fxe4 23. Nxe4 Rc6 24. Ne3 Nd4 25. Nc3 Nf6 26. Bf3 Rb6
27. Raa1 Qf7 28. Rxa6 Bc4 29. Nxc4 Rxa6 30. g4 Qe6 31. g5 Nh5 32. Bxh5 gxh5
33. Ne3 Ra7 34. f5 Qe8 35. Ncd5 Qe5 36. Kh1 Kh8 37. Rf4 Raf7 38. Re4 Qg7
39. h4 Nxf5 40. Nf6 Ng3+ 41. Kh2 Nxe4 42. Qxe4 Rxf6 43. gxf6 Qxf6 44. Ng2
Qf3 0-1

[Event "34th World Open"]
[Site "Philadelphia USA"]
[Date "2006.07.04"]
[Round "8"]
[White "Zaikov,O"]
[Black "Onyekwere,C"]
[Result "0-1"]
[WhiteElo "2391"]
[BlackElo "2075"]
[EventDate "2006.06.28"]

1. d4 d5 2. c4 c6 3. Nf3 Nf6 4. e3 e6 5. Bd3 Nbd7 6. O-O dxc4 7. Bxc4 b5 8.
Bd3 Bb7 9. a4 a6 10. e4 Be7 11. Nbd2 Nc5 12. Bc2 Nxa4 13. e5 Nd7 14. Ne4 c5
15. Nfg5 cxd4 16. Qh5 g6 17. Qh6 Rc8 18. Bxa4 bxa4 19. Rxa4 Qb6 20. Qg7 Rf8
21. Bf4 h6 22. Qxh6 Bxg5 23. Nxg5 Qc6 24. Qh3 Qxa4 25. Nxe6 Rg8 26. Ng7+
Rxg7 27. Qh8+ Ke7 28. Qxg7 Qc6 29. f3 Ke6 30. Qh6 Qc2 31. Qh3+ Qf5 32. Qh4
Rc2 33. Qd8 d3 34. Qe8+ Kd5 35. Qe7 Kc4 36. Qa3 Nc5 37. Be3 Rxg2+ 38. Kxg2
Qg4+ 39. Kh1 Bxf3+ 40. Rxf3 Qxf3+ 41. Kg1 Qxe3+ 42. Kg2 Qe2+ 0-1

[Event "34th World Open"]
[Site "Philadelphia USA"]
[Date "2006.07.04"]
[Round "8"]
[White "Sharavdorj,D"]
[Black "Stripunsky,A"]
[Result "0-1"]
[WhiteElo "2449"]
[BlackElo "2569"]
[EventDate "2006.06.28"]

1. d4 d5 2. Nf3 Nc6 3. c4 Bg4 4. Nc3 e6 5. Bf4 Bxf3 6. gxf3 dxc4 7. e3 Bd6
8. Bg3 e5 9. dxe5 Nxe5 10. Bxc4 Nxc4 11. Qa4+ c6 12. Qxc4 Be7 13. Qg4 h5
14. Qf5 Qc8 15. Qe4 Nf6 16. Qc2 Qe6 17. O-O-O O-O 18. Kb1 Rfd8 19. e4 Rxd1+
20. Rxd1 Rd8 21. Rxd8+ Bxd8 22. f4 g6 23. f3 Qh3 24. Qd3 Bc7 25. Qd4 Ne8
26. f5 Bxg3 27. Qd8 Kf8 28. hxg3 Qxg3 29. fxg6 Qxg6 30. Qd7 Qg2 0-1

[Event "34th World Open"]
[Site "Philadelphia USA"]
[Date "2006.07.04"]
[Round "8"]
[White "Scekic,M"]
[Black "Tuvshintugs,B"]
[Result "1-0"]
[WhiteElo "2391"]
[BlackElo "2206"]
[EventDate "2006.06.28"]

1. f4 d5 2. Nf3 c5 3. g3 Nc6 4. Bg2 Nf6 5. d3 g6 6. O-O Bg7 7. c3 O-O 8. h3
Qc7 9. Qe1 e5 10. Nxe5 Nxe5 11. fxe5 Qxe5 12. Bf4 Qe7 13. g4 Re8 14. Qg3
Bd7 15. Rf2 Qe6 16. Nd2 Bc6 17. Raf1 Nd7 18. e4 dxe4 19. Nxe4 Bxe4 20. Bxe4
Ne5 21. Bxe5 Bxe5 22. Qf3 Rf8 23. Bd5 Qe7 24. Bxf7+ Kg7 25. Qe4 Qc7 26. Bd5
Bf6 27. g5 1-0

[Event "34th World Open"]
[Site "Philadelphia USA"]
[Date "2006.07.04"]
[Round "8"]
[White "Shapiro,D"]
[Black "Furdzik,R"]
[Result "1-0"]
[WhiteElo "2296"]
[BlackElo "2251"]
[EventDate "2006.06.28"]

1. d4 Nf6 2. c4 e6 3. g3 d5 4. Nf3 dxc4 5. Bg2 Nc6 6. Qa4 Bb4+ 7. Bd2 Nd5
8. Bxb4 Ndxb4 9. a3 b5 10. Qxb5 Nc2+ 11. Kd2 Nxa1 12. Qxc6+ Bd7 13. Qxc4 c5
14. Qa2 Qa5+ 15. Nc3 cxd4 16. Nxd4 Rd8 17. e3 e5 18. b4 Qa6 19. Nd5 O-O 20.
Ne2 Bb5 21. Nec3 Bc4 22. Qxa1 e4 23. Bxe4 Qe6 24. Rd1 Rd6 25. Kc1 Rc8 26.
Bf5 Qe5 1-0

[Event "34th World Open"]
[Site "Philadelphia USA"]
[Date "2006.07.04"]
[Round "8"]
[White "Lopez,B"]
[Black "Dougherty,M"]
[Result "1-0"]
[WhiteElo "2411"]
[BlackElo "2186"]
[EventDate "2006.06.28"]

1. e4 c6 2. Nc3 d5 3. d4 g6 4. e5 h5 5. Bf4 Bf5 6. Qd2 Nd7 7. Nf3 Bh6 8.
Bxh6 Nxh6 9. h3 Be6 10. Ng5 Nf8 11. O-O-O b5 12. g4 Ng8 13. Bd3 Bd7 14. Qf4
Be6 15. Nxb5 Qd7 16. Nc3 hxg4 17. hxg4 Rxh1 18. Rxh1 O-O-O 19. Rh8 f6 20.
exf6 1-0

[Event "34th World Open"]
[Site "Philadelphia USA"]
[Date "2006.07.04"]
[Round "8"]
[White "Bartell,T"]
[Black "Gagunashvili,M"]
[Result "1/2-1/2"]
[WhiteElo "2342"]
[BlackElo "2560"]
[EventDate "2006.06.28"]

1. c4 e5 2. Nc3 Nf6 3. g3 d5 4. cxd5 Nxd5 5. Bg2 Nb6 6. Nf3 Nc6 7. O-O Be7
8. a3 a5 9. d3 Be6 10. Be3 Nd5 11. Bd2 O-O 12. Ne4 h6 13. Rc1 f5 14. Nc5
Bxc5 15. Rxc5 Qd6 16. Rc1 a4 17. Bc3 Nxc3 18. Rxc3 Nd4 19. e3 Nb5 20. Rc1
Rfd8 21. Qc2 c6 22. Rfe1 Bd5 23. Qc5 e4 24. dxe4 Qxc5 25. Rxc5 Bxe4 26. h3
Rd6 27. g4 Rad8 28. gxf5 Rd1 29. Rxd1 Rxd1+ 30. Kh2 Bd5 31. Rc2 Bb3 32. Rd2
Nd6 33. Rxd1 Bxd1 34. Nd2 Nxf5 35. Be4 Nd6 36. Bd3 b5 37. f4 Kf7 38. e4 Ke6
39. Kg3 g5 40. h4 gxf4+ 41. Kxf4 Nf7 42. Bf1 Ne5 43. Bh3+ Kf6 44. Ke3 c5
45. Bf1 b4 46. Nc4 Nxc4+ 47. Bxc4 Ke5 48. Kd2 Kd4 49. Bd5 Bb3 50. Bxb3 axb3
51. axb4 cxb4 52. e5 Kxe5 53. Kd3 Kf4 54. Kc4 Kg4 55. Kxb4 Kxh4 56. Kxb3 h5
57. Kc4 Kg4 1/2-1/2

[Event "34th World Open"]
[Site "Philadelphia USA"]
[Date "2006.07.04"]
[Round "8"]
[White "Sevillano,E"]
[Black "Meenakshi,S1"]
[Result "1/2-1/2"]
[WhiteElo "2472"]
[BlackElo "2282"]
[EventDate "2006.06.28"]

1. e4 e5 2. Nf3 Nf6 3. Nxe5 d6 4. Nf3 Nxe4 5. d3 Nf6 6. d4 d5 7. Bd3 Be7 8.
c3 O-O 9. Qc2 Nbd7 10. O-O c5 11. Bg5 h6 12. Bh4 Nh5 13. Bxe7 Qxe7 14. Re1
Qf6 15. Nbd2 c4 16. Bf1 Nb6 17. Ne5 Nf4 18. Re3 Bf5 19. Qd1 Ng6 20. Qf3
Nxe5 21. Rxe5 Be6 22. Qxf6 gxf6 23. Re3 Rfe8 24. Rf3 Kg7 25. b3 Rac8 26.
Re1 Bd7 27. Rxe8 Rxe8 28. Re3 Rxe3 29. fxe3 cxb3 30. axb3 a5 31. Kf2 a4 32.
bxa4 Nxa4 33. c4 dxc4 34. Bxc4 Nc3 35. Bd3 f5 36. Nf3 Kf6 37. Ne5 Bb5 38.
Bxb5 Nxb5 39. Nd7+ Kg5 40. Kg3 f4+ 41. exf4+ Kf5 42. d5 Nc3 43. Nc5 b5 44.
d6 Kf6 45. Kf3 Na4 46. Ne4+ Ke6 47. f5+ Kd7 48. Ke3 b4 49. g4 Nc3 50. Nf6+
Kxd6 51. Kd4 Ne2+ 52. Kc4 Ke5 53. Ng8 h5 54. gxh5 Kxf5 55. Nh6+ Kg5 56.
Nxf7+ Kxh5 57. Kxb4 1/2-1/2

[Event "34th World Open"]
[Site "Philadelphia USA"]
[Date "2006.07.04"]
[Round "8"]
[White "Coupet,P"]
[Black "Arnold,M"]
[Result "0-1"]
[WhiteElo "2283"]
[BlackElo "2105"]
[EventDate "2006.06.28"]

1. e4 c5 2. c3 d5 3. exd5 Qxd5 4. d4 Nf6 5. Nf3 Bg4 6. Be2 e6 7. Na3 Nc6 8.
h3 Bh5 9. Be3 cxd4 10. Nb5 Qd8 11. Nbxd4 Nd5 12. Nxc6 bxc6 13. Qa4 Qc7 14.
Bd2 Bd6 15. c4 Nb6 16. Qc2 Nd7 17. O-O O-O 18. Ng5 Bg6 19. Bd3 Rad8 20.
Bxg6 hxg6 21. Rad1 Be7 22. Ne4 e5 23. c5 f5 24. Qc4+ Kh7 25. Bg5 Nf6 26.
Nc3 Rxd1 27. Rxd1 Rd8 28. Rxd8 Qxd8 29. Qe6 Bxc5 30. Qxe5 Bd4 31. Qf4 Bxc3
32. bxc3 Qd1+ 33. Kh2 Ne4 34. Qh4+ Qh5 35. Qxh5+ gxh5 36. Be3 Nxc3 37. Bxa7
Nxa2 38. Kg3 g5 39. f4 g4 40. hxg4 hxg4 41. Kf2 Nc3 42. Ke3 Kg6 43. Bb8
Nd5+ 44. Kd4 Kf6 45. Be5+ Ke6 46. g3 Nb6 47. Bc7 Nd7 48. Bd8 Kd6 49. Kc4 c5
50. Bg5 Kc6 51. Bd8 Nb6+ 52. Kd3 Nc8 53. Ba5 Kd5 0-1

[Event "34th World Open"]
[Site "Philadelphia USA"]
[Date "2006.07.04"]
[Round "8"]
[White "Karklins,A"]
[Black "Sarkar,J"]
[Result "1/2-1/2"]
[WhiteElo "2223"]
[BlackElo "2355"]
[EventDate "2006.06.28"]

1. e4 c5 2. Nf3 e6 3. d4 cxd4 4. Nxd4 a6 5. a3 Nf6 6. Qd3 Qc7 7. b4 Be7 8.
Bb2 O-O 9. Nd2 d5 10. exd5 Nxd5 11. Qg3 Bd6 12. Qf3 b5 13. c4 bxc4 14. Nxc4
Nd7 15. Nxd6 Qxd6 16. Qg3 Qxg3 17. hxg3 a5 18. Bd3 g6 19. b5 Nc5 20. Bc2
Bb7 21. Ke2 e5 22. Nf3 f6 23. Rac1 Rac8 24. Nd2 Nb6 25. f3 Nca4 26. Ba1 Kg7
27. Bxa4 Nxa4 28. Nc4 Bd5 29. Nxa5 Ra8 30. Nc4 Rfd8 31. Ne3 Be6 32. Rc6 Bd7
33. Rc7 Nb6 34. Bb2 Rac8 35. Rhc1 Rxc7 36. Rxc7 Kg8 37. Ng4 Bxg4 38. fxg4
Rd5 39. Bc1 Rxb5 40. Rb7 Rb1 41. Bh6 g5 42. Rg7+ Kf8 43. Rxg5+ Ke7 44. Rg7+
Kd6 45. Rxh7 Rb2+ 46. Kf3 Rb3+ 47. Kf2 Rb2+ 48. Kg1 Rb1+ 49. Kh2 Nd5 50.
Rh8 Ke6 51. Rc8 Ra1 52. Bc1 e4 53. Rc4 Kd6 54. Bf4+ Nxf4 55. gxf4 Kd5 56.
Rc8 e3 57. Re8 Kd4 58. g5 fxg5 59. fxg5 Rxa3 60. g6 Ra7 61. Kg3 Rg7 62. Re6
Kd5 63. Ra6 Ke5 64. Kf3 Kf5 65. Kxe3 Re7+ 66. Kf3 Kg5 67. g4 Kh6 68. Kf4
Re1 1/2-1/2

[Event "34th World Open"]
[Site "Philadelphia USA"]
[Date "2006.07.04"]
[Round "8"]
[White "Bick,J"]
[Black "Cheng,X"]
[Result "1-0"]
[WhiteElo "2238"]
[BlackElo "2270"]
[EventDate "2006.06.28"]

1. d4 d5 2. c4 c6 3. cxd5 cxd5 4. Nf3 Nf6 5. Nc3 Nc6 6. Bf4 Bf5 7. e3 e6 8.
Bb5 Nd7 9. Qa4 Rc8 10. O-O a6 11. Bxc6 Rxc6 12. Rfc1 Be7 13. Nd1 b5 14. Qb3
Qc8 15. e4 dxe4 16. Rxc6 Qxc6 17. Rc1 Qa8 18. Ne5 Nxe5 19. Bxe5 f6 20. Bg3
Qd5 21. Rc8+ Bd8 22. Qxd5 exd5 23. Ra8 O-O 24. Ne3 Be6 25. Rxa6 Kf7 26.
Ra7+ Kg6 27. Rb7 f5 28. Bd6 Rf7 29. Rxb5 f4 30. Nc2 Bg5 31. Rb3 Bf5 32. Rc3
Ra7 33. a3 Ra4 34. Be5 Bd7 35. Rc7 Rc4 36. b3 Rxc7 37. Bxc7 Kf5 38. a4 Be7
39. Kf1 g5 40. Ke2 g4 41. g3 f3+ 42. Ke3 Bg5+ 43. Bf4 Be7 44. Kd2 h5 45.
Kc3 Bd8 46. Kb4 e3 47. Bxe3 Ke4 48. Ne1 Be7+ 49. Kc3 Bd6 50. Nd3 1-0

[Event "34th World Open"]
[Site "Philadelphia USA"]
[Date "2006.07.04"]
[Round "8"]
[White "Yeh,P"]
[Black "Hansen,Er"]
[Result "1-0"]
[WhiteElo "2184"]
[BlackElo "1835"]
[EventDate "2006.06.28"]

1. e4 e6 2. d4 d5 3. Nd2 Nf6 4. Bd3 c5 5. e5 Nfd7 6. c3 Nc6 7. Ne2 cxd4 8.
cxd4 f6 9. exf6 Nxf6 10. Nf3 Bd6 11. O-O Qc7 12. Bg5 O-O 13. Rc1 Nh5 14.
Bb1 Rxf3 15. gxf3 Bxh2+ 16. Kg2 Bf4 17. Qd3 g6 18. Bxf4 Nxf4+ 19. Nxf4 Qxf4
20. Qe3 Qf6 21. Rh1 Bd7 22. Rh6 Rf8 23. Rd1 Rf7 24. Rhh1 Qf4 25. Bc2 a6 26.
Ba4 b5 27. Bc2 Kg7 28. Rh2 h5 29. Rhh1 h4 30. Bd3 g5 31. Be2 Ne7 32. Rc1
Ng6 33. Bd3 h3+ 34. Rxh3 Nh4+ 35. Kf1 e5 36. Rxh4 gxh4 37. Qxe5+ Qxe5 38.
dxe5 Rxf3 39. Rc7 Rxd3 40. e6 Kf6 41. exd7 Ke7 42. Ke2 Rd4 43. d8=Q+ Kxd8
44. Rh7 Ra4 45. a3 b4 46. Rxh4 a5 47. axb4 axb4 48. b3 Ra2+ 49. Ke3 Ke7 50.
Rxb4 Kd6 51. f3 Kc5 52. Rb8 Ra7 53. Rc8+ Kb4 54. Kd4 Rf7 55. Rb8+ Ka5 56.
Ke3 Ka6 57. Rb4 Ka5 58. Rf4 Rb7 59. b4+ Ka4 60. Rd4 Kb3 61. Kd3 Rf7 62. f4
Rf5 63. b5 Rh5 64. b6 Rh3+ 65. Ke2 Rh6 66. Rxd5 Rxb6 67. Rc5 Kb4 68. Rc1
Kb5 69. Rb1+ Kc5 70. Rxb6 Kxb6 71. Kf3 Kc7 72. Kg4 Kd8 73. Kf5 Ke7 74. Kg6
Kf8 75. Kf6 1-0

[Event "34th World Open"]
[Site "Philadelphia USA"]
[Date "2006.07.04"]
[Round "8"]
[White "Moiseenko,A1"]
[Black "Cordova,Em"]
[Result "1/2-1/2"]
[WhiteElo "2662"]
[BlackElo "2429"]
[EventDate "2006.06.28"]

1. d4 Nf6 2. c4 e6 3. Nc3 Bb4 4. g3 O-O 5. Bg2 d5 6. Nf3 dxc4 7. O-O c5 8.
dxc5 Nc6 9. Qc2 Bxc5 10. Bg5 h6 11. Rad1 Qe7 12. Bh4 Qc7 13. Bxf6 gxf6 14.
Ne4 Be7 15. Qxc4 Qa5 16. a3 Ne5 17. Qc1 Nxf3+ 18. Bxf3 Kg7 19. Rd3 e5 20.
b4 Qb6 21. Nc3 Be6 22. Nd5 Bxd5 23. Bxd5 a5 24. bxa5 Rxa5 25. e4 f5 26.
exf5 Rd8 27. Qc4 Qf6 28. Rb1 b6 29. Qg4+ Kf8 30. Rbd1 Rxa3 31. R3d2 Ra7 32.
Be4 Rxd2 33. Rxd2 Bc5 34. h4 b5 35. Rc2 Rc7 36. Ra2 Ra7 37. Rc2 Rc7 38. Kg2
b4 39. Bd5 Qd6 40. Qf3 Bd4 41. Rxc7 Qxc7 42. Qh5 Kg7 43. f6+ Kxf6 44. Qxh6+
Ke7 45. Qg7 Kd6 46. Be4 b3 47. h5 b2 48. Qf6+ Kc5 49. Kh2 Qd7 50. h6 Qg4
51. Qe7+ Kb5 52. Qb7+ Kc4 53. Kg2 f5 54. Qc8+ Bc5 55. Qe6+ Kb4 56. Qxf5
Qxf5 57. Bxf5 Bf8 58. h7 Bg7 59. Kf3 Kc5 60. Kg4 Kd6 61. Kh5 Ke7 62. Kg6
Bh8 63. g4 Kf8 64. g5 Ke7 65. Be4 Kf8 66. Kh5 Ke7 67. Kg4 Kf8 68. Kf3 Ke7
69. Ke3 Kf8 70. Kd2 Ke7 71. Kc2 Kf8 72. Kxb2 Ke7 73. Kc3 1/2-1/2

[Event "34th World Open"]
[Site "Philadelphia USA"]
[Date "2006.07.04"]
[Round "9"]
[White "Hansen,LB"]
[Black "Izoria,Z"]
[Result "1/2-1/2"]
[WhiteElo "2560"]
[BlackElo "2647"]
[EventDate "2006.06.28"]

1. d4 Nf6 2. Nf3 d5 3. c4 e6 4. g3 Bb4+ 5. Bd2 Be7 6. Bg2 O-O 7. O-O c6 8.
Qc2 b6 9. Rd1 Ba6 10. b3 Nbd7 11. Bf4 Rc8 12. Nc3 Qe8 13. e4 dxc4 14. Nd2
e5 15. dxe5 Ng4 16. Nxc4 Bxc4 17. bxc4 Bc5 18. Rf1 Ngxe5 19. Na4 Qe6 20.
Rad1 Be7 21. Nb2 Rcd8 22. Bc1 Bc5 23. Kh1 Nf6 24. h3 Nf3 25. Nd3 Qxe4 26.
Qb3 Nd4 27. Nxc5 bxc5 28. Bxe4 Nxb3 29. Bxh7+ Nxh7 30. axb3 Rxd1 31. Rxd1
Rb8 32. Bf4 Ra8 33. Be3 Nf8 34. Bxc5 Ne6 35. Be3 Rb8 36. Bxa7 Rxb3 37. Rd6
c5 38. Rd5 Rb4 39. Bxc5 Rxc4 40. Be3 f6 41. h4 g6 42. Kg2 Kf7 43. Kf3 Nc7
44. Rd7+ Kg8 45. Bd4 Rc6 46. Kg4 Rc4 47. Kh3 Ne8 48. g4 Rc6 49. f3 Ng7 50.
Kg3 Ra6 51. Be3 Ne6 52. Bh6 Ra2 53. Bd2 Rc2 54. h5 gxh5 55. gxh5 Rc4 56.
Ra7 Rc5 57. h6 Rc7 58. Ra6 Kf7 59. h7 Rc8 60. f4 Ng7 61. Kg4 Kg6 62. Bc3
Kxh7 63. Bxf6 Rc7 64. Be5 Rf7 65. Ra1 Kg6 66. Ra8 Nf5 67. Rg8+ Kh7 68. Rg5
Nh6+ 69. Kf3 Rb7 70. Ke4 Nf7 71. Rg1 Nh6 72. Kd5 Ra7 73. Ke6 Ra6+ 74. Bd6
Ra5 75. Rg2 Rb5 76. Be5 Rb6+ 77. Kd5 Rb7 78. Rg5 Ra7 79. Ke6 Ra6+ 80. Bd6
Rxd6+ 81. Kxd6 Nf7+ 82. Ke7 Nxg5 83. fxg5 Kg6 1/2-1/2

[Event "34th World Open"]
[Site "Philadelphia USA"]
[Date "2006.07.04"]
[Round "9"]
[White "Perelshteyn,E"]
[Black "Schneider,Ig"]
[Result "1-0"]
[WhiteElo "2526"]
[BlackElo "2384"]
[EventDate "2006.06.28"]

1. d4 d5 2. c4 e6 3. Nc3 c6 4. e4 Bb4 5. cxd5 exd5 6. e5 Ne7 7. Nf3 Bg4 8.
Qb3 Qb6 9. a3 Ba5 10. Qxb6 Bxb6 11. Be3 Nd7 12. Na4 Bc7 13. h3 Bxf3 14.
gxf3 Nf5 15. Bd3 Nxe3 16. fxe3 f6 17. f4 fxe5 18. fxe5 O-O 19. Ke2 Rae8 20.
Rhg1 Re7 21. b4 a6 22. Rg5 Nxe5 23. dxe5 Bxe5 24. Rag1 Bf4 25. Rxg7+ Rxg7
26. Rxg7+ Kxg7 27. exf4 Rxf4 28. Nc5 Rf7 29. Ke3 Kf8 30. Kd4 Ke8 31. h4 b6
32. Nxa6 Rf4+ 33. Ke5 Rxh4 34. b5 Rh3 35. Nc7+ Ke7 36. Bf5 Re3+ 37. Kf4 d4
38. bxc6 Kd6 39. Nb5+ Kc5 40. c7 Re8 41. Na7 Kc4 42. Nc6 1-0

[Event "34th World Open"]
[Site "Philadelphia USA"]
[Date "2006.07.04"]
[Round "9"]
[White "Lenderman,A"]
[Black "Ftacnik,L"]
[Result "1-0"]
[WhiteElo "2431"]
[BlackElo "2597"]
[EventDate "2006.06.28"]

1. e4 c5 2. d4 cxd4 3. c3 d3 4. c4 g6 5. Bxd3 Bg7 6. Nf3 Nc6 7. O-O d6 8.
h3 b6 9. Nc3 Bb7 10. Be3 Nf6 11. Rc1 O-O 12. b3 Nd7 13. Bb1 a6 14. Qd2 Rb8
15. Nd4 Nxd4 16. Bxd4 Nc5 17. Rfd1 a5 18. Qe3 Bxd4 19. Rxd4 f6 20. f4 Qd7
21. Re1 e5 22. Rd2 Qe7 23. f5 g5 24. Red1 Rfd8 25. Bc2 Bc6 26. a3 Na6 27.
Rb1 Nc7 28. b4 axb4 29. Rxb4 Na8 30. Ba4 Bb7 31. Bb3 Kh8 32. Na4 Qc7 33.
Nc3 Rbc8 34. Kf2 Qc5 35. Na4 Qa5 36. Rb5 Qa7 37. Nxb6 Nxb6 38. Rxb6 Bxe4
39. Rbxd6 Rxd6 40. Qxa7 Rxd2+ 41. Ke1 Rdd8 42. c5 Bxf5 43. Qe7 Rf8 44. Bf7
Kg7 45. Be6+ Kg6 46. Bxc8 Rxc8 47. c6 Be4 48. c7 Bxg2 49. a4 h5 50. Kf2
Bxh3 51. Qd8 h4 52. a5 g4 53. a6 g3+ 54. Kg1 Bf5 55. a7 h3 56. a8=Q 1-0

[Event "34th World Open"]
[Site "Philadelphia USA"]
[Date "2006.07.04"]
[Round "9"]
[White "Hess,Ro"]
[Black "Sevillano,E"]
[Result "0-1"]
[WhiteElo "2354"]
[BlackElo "2472"]
[EventDate "2006.06.28"]

1. e4 c5 2. Nc3 d6 3. g3 Nc6 4. Bg2 g6 5. d3 Bg7 6. f4 Rb8 7. Nf3 Bg4 8. h3
Bxf3 9. Qxf3 e6 10. O-O Nge7 11. Be3 O-O 12. g4 f5 13. Rab1 Qd7 14. a3 b6
15. Ne2 d5 16. gxf5 gxf5 17. e5 Ng6 18. Bf2 Kh8 19. b4 Rg8 20. Kh1 Rbc8 21.
Rg1 Nd4 22. Bxd4 cxd4 23. Rb2 Bh6 24. Qf2 Qa4 25. Qxd4 Qxa3 26. Rgb1 Nh4
27. Bf1 Qa4 28. c3 Qc6 29. b5 Qb7 30. Ng1 Rg3 31. Rf2 Rcg8 32. Ne2 Qg7 33.
Ra1 Rg1+ 34. Kh2 Nf3+ 35. Rxf3 Qg2+ 0-1

[Event "34th World Open"]
[Site "Philadelphia USA"]
[Date "2006.07.04"]
[Round "9"]
[White "Bartholomew,J"]
[Black "Acor,C"]
[Result "1/2-1/2"]
[WhiteElo "2406"]
[BlackElo "2227"]
[EventDate "2006.06.28"]

1. e4 e5 2. Nf3 Nc6 3. Bb5 Nge7 4. O-O g6 5. d4 exd4 6. c3 dxc3 7. Nxc3 Bg7
8. Bg5 h6 9. Bh4 g5 10. Bg3 d6 11. e5 d5 12. Nd4 O-O 13. Bxc6 bxc6 14. Na4
Nf5 15. Re1 Re8 16. Nc5 Qe7 17. Rc1 Nxd4 18. Qxd4 Rb8 19. b4 Bf5 20. a3 a5
21. bxa5 Rb5 22. a4 Rxa5 23. Nb3 Ra6 24. Nc5 Ra5 1/2-1/2